MARC details
| 000 -LÍDER |
| campo de controle de tamanho fixo |
01489nam a2200325 4500 |
| 001 - NÚMERO DE CONTROLE |
| campo de controle |
290 |
| 003 - IDENTIFICADOR DO NÚMERO DE CONTROLE |
| campo de controle |
OSt |
| 005 - DATA E HORÁRIO DA ÚLTIMA TRANSAÇÃO |
| campo de controle |
20250528074017.0 |
| 008 - CAMPO DE DADOS FIXOS--INFORMAÇÃO GERAL |
| campo de controle de tamanho fixo |
250317b |||||||j |||| 00| f eng d |
| 040 ## - FONTE DA CATALOGAÇÃO |
| Idioma da catalogação |
por |
| 041 ## - CÓDIGO DE IDIOMA |
| Código do idioma do original e/ou traduções intermediárias do texto |
fre |
| Código do idioma do texto/trilha sonora ou título diferente |
por |
| 082 ## - CDD - CLASSIFICAÇÃO DECIMAL DE DEWEY |
| Número de Classificação |
843 |
| Número do exemplar |
H895t |
| 100 1# - ENTRADA PRINCIPAL--NOME PESSOAL |
| Nome pessoal |
Hugo, Victor. |
| Datas associadas ao nome |
1802- 1885 |
| 9 (RLIN) |
549 |
| 240 ## - TÍTULO UNIFORME |
| Título uniforme |
Les Travailleurs de la Mer |
| 245 ## - TÍTULO |
| Título |
Os Trabalhadores do Mar / |
| Indicação de responsabilidade, etc. |
Hugo, Victor ; Tradução de Machado de Assis |
| 260 ## - PUBLICAÇÃO, DISTRIBUIÇÃO, ETC. |
| Local de publicação, distribuição, etc. |
São Paulo |
| Nome do editor, distribuidor, etc. |
Abril |
| Data da publicação, distribuição, etc. |
1971 |
| 300 ## - DESCRIÇÃO FÍSICA |
| Extensão |
418 p. |
| 490 1# - TÍTULO DA SÉRIE |
| Título da série |
Os imortais da literatura universal |
| 520 ## - NOTA DE RESUMO, ETC. |
| Resumo, etc. |
Os Trabalhadores do Mar é um romance de Victor Hugo que narra a história de Gilliatt, um habitante da ilha de Guernsey, que se apaixona por Déruchette, sobrinha do armador Lethierry. Quando o navio de Lethierry naufraga em um rochedo perigoso, Déruchette promete casar-se com quem recuperar o motor a vapor da embarcação. Gilliatt se oferece para a tarefa, enfrentando diversas adversidades, incluindo uma luta com um polvo gigante. O romance explora temas como a luta do homem contra as forças da natureza e o poder avassalador de uma paixão |
| 650 #0 - ASSUNTO--TERMO TÓPICO |
| Cabeçalho tópico ou nome geográfico |
Literatura francesa |
| 9 (RLIN) |
122 |
| 650 #0 - ASSUNTO--TERMO TÓPICO |
| Cabeçalho tópico ou nome geográfico |
Aventura |
| 9 (RLIN) |
47 |
| 650 #0 - ASSUNTO--TERMO TÓPICO |
| Cabeçalho tópico ou nome geográfico |
Exílio |
| 9 (RLIN) |
552 |
| 650 #0 - ASSUNTO--TERMO TÓPICO |
| Cabeçalho tópico ou nome geográfico |
Luta contra a natureza |
| 9 (RLIN) |
551 |
| 650 #0 - ASSUNTO--TERMO TÓPICO |
| Cabeçalho tópico ou nome geográfico |
Clássicos |
| 9 (RLIN) |
77 |
| 655 #0 - TERMO DE ÍNDICE--GÊNERO E FORMA |
| Gênero/forma/ou termo foco |
Romance |
| 655 #0 - TERMO DE ÍNDICE--GÊNERO E FORMA |
| Gênero/forma/ou termo foco |
Ficção |
| 700 1# - ENTRADA ADICIONADA - NOME PESSOAL |
| Nome pessoal |
Assis, Machado de, |
| Datas associadas ao nome |
1839-1908 |
| Função do autor por extenso |
TRADUTOR |
| 9 (RLIN) |
553 |
| 830 ## - ENTRADA SECUNDÁRIA DE SÉRIE--TÍTULO UNIFORME |
| Título uniforme |
Os Imortais da Literatura Universal |
| 9 (RLIN) |
461 |
| Número do volume ou designação sequencial da série |
vol. 18 |
| 942 ## - ELEMENTOS DE ENTRADA ADICIONADOS (KOHA) |
| Fonte de classificação ou esquema de arquivamento |
Classificação decimal de Dewey |
| Ocultar no OPAC |
Não |
| Tipo de material Koha |
Livros |